<?xml version="1.0" encoding="UTF-8"?>
<record
    xmlns:xsi="http://www.w3.org/2001/XMLSchema-instance"
    xsi:schemaLocation="http://www.loc.gov/MARC21/slim http://www.loc.gov/standards/marcxml/schema/MARC21slim.xsd"
    xmlns="http://www.loc.gov/MARC21/slim">

  <leader>00478nam a2200121Ia 4500</leader>
  <controlfield tag="008">160712s9999    xx            000 0 und d</controlfield>
  <datafield tag="100" ind1=" " ind2=" ">
    <subfield code="a">Lara Jr., Francisco.</subfield>
  </datafield>
  <datafield tag="245" ind1=" " ind2=" ">
    <subfield code="c">Francisco Lara, Jr.</subfield>
    <subfield code="a">The New Face of Mindanao's Strong Men: The Politico-Economic Foundations of Legitimacy in Muslim Mindanao</subfield>
  </datafield>
  <datafield tag="260" ind1=" " ind2=" ">
    <subfield code="c">2012</subfield>
    <subfield code="b">Asian Studies</subfield>
  </datafield>
  <datafield tag="300" ind1=" " ind2=" ">
    <subfield code="a">vol. 48 no. 1-2</subfield>
  </datafield>
  <datafield tag="650" ind1=" " ind2=" ">
    <subfield code="x">ASIAN STUDIES</subfield>
  </datafield>
  <datafield tag="856" ind1=" " ind2=" ">
    <subfield code="u">http://www.asj.upd.edu.ph/index.php/archive/169-asian-studies-48-1-2-2012</subfield>
  </datafield>
  <datafield tag="999" ind1=" " ind2=" ">
    <subfield code="c">297407</subfield>
    <subfield code="d">297407</subfield>
  </datafield>
  <datafield tag="952" ind1=" " ind2=" ">
    <subfield code="0">0</subfield>
    <subfield code="1">0</subfield>
    <subfield code="4">0</subfield>
    <subfield code="a">CL</subfield>
    <subfield code="b">CL</subfield>
    <subfield code="d">2016-07-12</subfield>
    <subfield code="l">0</subfield>
    <subfield code="r">2016-07-12 00:00:00</subfield>
    <subfield code="w">2016-07-12</subfield>
    <subfield code="y">FEJ</subfield>
  </datafield>
</record>
